[Event "English Schools Championship Final 2024"]
[Site "Nottingham University Kings Meadow Campus, United Kingdom"]
[Date "2024.06.27"]
[Round "1.37"]
[White "Korshunov, Sergey"]
[Black "Borissow, Magnus"]
[Result "1/2-1/2"]
[TimeControl "G50' + 10\" per move."]
[WhiteFideId "34274715"]
[BlackFideId "498084"]
[WhiteElo "2328"]
[BlackElo "2069"]

1. e4 {[%clk 00:50:19]} {[%emt 00:00:01]} c5 {[%clk 00:50:14]} {[%emt
00:00:07]} 2. Nf3 {[%clk 00:50:22]} {[%emt 00:00:07]} Nc6 {[%clk 00:50:17]}
{[%emt 00:00:07]} 3. d4 {[%clk 00:50:18]} {[%emt 00:00:14]} cxd4 {[%clk
00:50:16]} {[%emt 00:00:10]} 4. Nxd4 {[%clk 00:50:24]} {[%emt 00:00:04]} g6
{[%clk 00:50:11]} {[%emt 00:00:15]} 5. c4 {[%clk 00:50:30]} {[%emt 00:00:04]}
Nf6 {[%clk 00:50:08]} {[%emt 00:00:13]} 6. Nc3 {[%clk 00:50:35]} {[%emt
00:00:05]} Nxd4 {[%clk 00:50:05]} {[%emt 00:00:13]} 7. Qxd4 {[%clk 00:50:42]}
{[%emt 00:00:03]} d6 {[%clk 00:50:05]} {[%emt 00:00:10]} 8. Be2 {[%clk
00:50:07]} {[%emt 00:00:44]} Bg7 {[%clk 00:50:02]} {[%emt 00:00:12]} 9. O-O
{[%clk 00:50:11]} {[%emt 00:00:07]} O-O {[%clk 00:49:54]} {[%emt 00:00:18]} 10.
Qd3 {[%clk 00:50:13]} {[%emt 00:00:08]} Be6 {[%clk 00:48:26]} {[%emt 00:01:38]}
11. Be3 {[%clk 00:48:14]} {[%emt 00:02:08]} Qa5 {[%clk 00:42:50]} {[%emt
00:05:47]} 12. Rac1 {[%clk 00:32:44]} {[%emt 00:15:40]} Rfc8 {[%clk 00:42:12]}
{[%emt 00:00:48]} 13. b3 {[%clk 00:32:41]} {[%emt 00:00:13]} a6 {[%clk
00:39:52]} {[%emt 00:02:29]} 14. Qb1 {[%clk 00:30:13]} {[%emt 00:02:37]} Ng4
{[%clk 00:26:14]} {[%emt 00:13:48]} 15. Bxg4 {[%clk 00:27:44]} {[%emt
00:02:39]} Bxc3 {[%clk 00:25:54]} {[%emt 00:00:30]} 16. Bxe6 {[%clk 00:27:34]}
{[%emt 00:00:20]} fxe6 {[%clk 00:25:55]} {[%emt 00:00:09]} 17. Qd3 {[%clk
00:27:02]} {[%emt 00:00:42]} Bf6 {[%clk 00:25:01]} {[%emt 00:01:03]} 18. Rc2
{[%clk 00:26:50]} {[%emt 00:00:22]} Rc6 {[%clk 00:23:14]} {[%emt 00:01:57]} 19.
f4 {[%clk 00:23:06]} {[%emt 00:03:55]} Rac8 {[%clk 00:17:10]} {[%emt 00:06:14]}
20. f5 {[%clk 00:22:24]} {[%emt 00:00:52]} Qe5 {[%clk 00:13:36]} {[%emt
00:03:44]} 21. fxe6 {[%clk 00:13:31]} {[%emt 00:09:04]} b5 {[%clk 00:11:56]}
{[%emt 00:01:50]} 22. Qd5 {[%clk 00:13:38]} {[%emt 00:00:02]} bxc4 {[%clk
00:11:53]} {[%emt 00:00:14]} 23. bxc4 {[%clk 00:13:35]} {[%emt 00:00:13]} Qxd5
{[%clk 00:11:19]} {[%emt 00:00:44]} 24. exd5 {[%clk 00:13:42]} {[%emt
00:00:03]} Rxc4 {[%clk 00:11:18]} {[%emt 00:00:11]} 25. Rxc4 {[%clk 00:09:55]}
{[%emt 00:03:57]} Rxc4 {[%clk 00:11:25]} {[%emt 00:00:03]} 26. Bh6 {[%clk
00:09:38]} {[%emt 00:00:25]} Rh4 {[%clk 00:09:09]} {[%emt 00:02:27]} 27. Bf4
{[%clk 00:06:27]} {[%emt 00:03:20]} Rh5 {[%clk 00:09:11]} {[%emt 00:00:09]} 28.
Rd1 {[%clk 00:06:30]} {[%emt 00:00:07]} Rf5 {[%clk 00:08:58]} {[%emt 00:00:23]}
29. Be3 {[%emt 00:01:57]} h5 {[%clk 00:07:40]} 30. Rd3 {[%clk 00:05:52]} {[%emt
00:00:31]} Kg7 {[%clk 00:07:06]} {[%emt 00:00:43]} 31. g3 {[%clk 00:05:55]}
{[%emt 00:00:07]} Bg5 {[%clk 00:05:58]} {[%emt 00:01:18]} 32. Bb6 {[%clk
00:05:29]} {[%emt 00:00:32]} Bf6 {[%clk 00:05:32]} {[%emt 00:00:40]} 33. Kg2
{[%clk 00:05:17]} {[%emt 00:00:22]} g5 {[%clk 00:05:28]} {[%emt 00:00:13]} 34.
h3 {[%clk 00:05:07]} {[%emt 00:00:20]} g4 {[%clk 00:05:00]} {[%emt 00:00:38]}
35. hxg4 {[%clk 00:05:00]} {[%emt 00:00:17]} hxg4 {[%clk 00:05:02]} {[%emt
00:00:09]} 36. Bf2 {[%clk 00:04:40]} {[%emt 00:00:30]} Kg6 {[%clk 00:04:57]}
{[%emt 00:00:14]} 37. Kf1 {[%clk 00:03:13]} {[%emt 00:01:37]} Rf3 {[%clk
00:04:33]} {[%emt 00:00:34]} 38. Ke2 {[%clk 00:03:02]} {[%emt 00:00:21]} Rxd3
{[%clk 00:03:35]} {[%emt 00:01:08]} 39. Kxd3 {[%clk 00:03:11]} {[%emt
00:00:01]} Kf5 {[%clk 00:03:43]} {[%emt 00:00:02]} 40. a4 {[%clk 00:02:41]}
{[%emt 00:00:40]} Be5 {[%clk 00:03:44]} {[%emt 00:00:08]} 41. Be1 {[%clk
00:02:42]} {[%emt 00:00:10]} Bf6 {[%clk 00:03:40]} {[%emt 00:00:13]} 42. Bf2
{[%clk 00:02:05]} {[%emt 00:00:48]} Be5 {[%clk 00:03:44]} {[%emt 00:00:06]} 43.
Be1 {[%clk 00:01:53]} {[%emt 00:00:23]} Bf6 {[%clk 00:03:47]} {[%emt 00:00:06]}
1/2-1/2

[Event "English Schools Championship Final 2024"]
[Site "Nottingham University Kings Meadow Campus, United Kingdom"]
[Date "2024.06.27"]
[Round "1.38"]
[White "Sachdeva, Ronit"]
[Black "Solodko, Nikolai"]
[Result "1-0"]
[TimeControl "G50' + 10\" per move."]
[WhiteFideId "343401589"]
[BlackFideId "343401589"]
[WhiteElo "1997"]
[BlackElo "1524"]

1. d4 {[%clk 00:50:18]} {[%emt 00:00:02]} Nf6 {[%clk 00:50:05]} {[%emt
00:00:16]} 2. c4 {[%clk 00:50:23]} {[%emt 00:00:05]} e5 {[%clk 00:49:53]}
{[%emt 00:00:21]} 3. dxe5 {[%clk 00:49:30]} {[%emt 00:01:03]} Ng4 {[%clk
00:49:45]} {[%emt 00:00:18]} 4. Nf3 {[%clk 00:49:27]} {[%emt 00:00:14]} Bc5
{[%clk 00:49:11]} {[%emt 00:00:44]} 5. e3 {[%clk 00:48:24]} {[%emt 00:01:13]}
Nc6 {[%clk 00:48:48]} {[%emt 00:00:33]} 6. Be2 {[%clk 00:46:17]} {[%emt
00:02:17]} O-O {[%clk 00:47:43]} {[%emt 00:01:16]} 7. O-O {[%clk 00:45:38]}
{[%emt 00:00:48]} Ncxe5 {[%clk 00:40:44]} {[%emt 00:07:09]} 8. Nxe5 {[%clk
00:43:47]} {[%emt 00:02:02]} Nxe5 {[%clk 00:40:42]} {[%emt 00:00:12]} 9. a3
{[%clk 00:43:32]} {[%emt 00:00:25]} a5 {[%clk 00:39:52]} {[%emt 00:01:00]} 10.
b3 {[%clk 00:42:44]} {[%emt 00:00:58]} Ra6 {[%clk 00:36:23]} {[%emt 00:03:39]}
11. Qd5 {[%clk 00:33:11]} {[%emt 00:09:40]} Qe7 {[%clk 00:29:29]} {[%emt
00:07:07]} 12. Bb2 {[%clk 00:29:05]} {[%emt 00:04:14]} Re6 {[%clk 00:25:03]}
{[%emt 00:04:37]} 13. Nc3 {[%clk 00:22:50]} {[%emt 00:06:26]} c6 {[%clk
00:18:07]} {[%emt 00:07:07]} 14. Qd2 {[%clk 00:22:14]} {[%emt 00:00:45]} Qh4
{[%clk 00:15:40]} {[%emt 00:02:38]} 15. Nd1 {[%clk 00:17:03]} {[%emt 00:05:21]}
Bd6 {[%clk 00:13:27]} {[%emt 00:02:23]} 16. f4 {[%clk 00:15:49]} {[%emt
00:01:23]} Ng4 {[%clk 00:10:42]} {[%emt 00:02:56]} 17. Bxg4 {[%clk 00:14:14]}
{[%emt 00:01:45]} Qxg4 {[%clk 00:10:40]} {[%emt 00:00:12]} 18. Rf3 {[%clk
00:14:07]} {[%emt 00:00:16]} Qf5 {[%clk 00:09:38]} {[%emt 00:01:13]} 19. Nf2
{[%clk 00:13:10]} {[%emt 00:01:05]} Rfe8 {[%clk 00:09:18]} {[%emt 00:00:32]} 20.
e4 {[%clk 00:12:29]} {[%emt 00:00:52]} Qc5 {[%clk 00:09:15]} {[%emt 00:00:12]}
21. Bd4 {[%clk 00:12:00]} {[%emt 00:00:37]} Qh5 {[%clk 00:08:50]} {[%emt
00:00:37]} 22. Rh3 {[%clk 00:11:46]} {[%emt 00:00:21]} Qg6 {[%clk 00:07:41]}
{[%emt 00:01:23]} 23. f5 {[%clk 00:11:45]} {[%emt 00:00:11]} 1-0

[Event "English Schools Championship Final 2024"]
[Site "Nottingham University Kings Meadow Campus, United Kingdom"]
[Date "2024.06.27"]
[Round "1.39"]
[White "Kent, Rowan"]
[Black "Dicker, James"]
[Result "1-0"]
[TimeControl "G50' + 10\" per move."]
[WhiteFideId "460931"]
[WhiteElo "1713"]
[BlackElo "1891"]

1. e4 {[%clk 00:50:16]} {[%emt 00:00:03]} c6 {[%clk 00:50:18]} {[%emt
00:00:02]} 2. d4 {[%clk 00:50:22]} {[%emt 00:00:04]} d5 {[%clk 00:50:27]} 3.
Nd2 {[%clk 00:50:27]} {[%emt 00:00:05]} dxe4 {[%clk 00:50:33]} {[%emt
00:00:05]} 4. Nxe4 {[%clk 00:50:32]} {[%emt 00:00:05]} Bf5 {[%clk 00:50:40]}
{[%emt 00:00:03]} 5. Ng3 {[%clk 00:50:34]} {[%emt 00:00:08]} Bg6 {[%clk
00:50:46]} {[%emt 00:00:03]} 6. h4 {[%clk 00:50:37]} {[%emt 00:00:07]} h6
{[%clk 00:50:50]} {[%emt 00:00:06]} 7. Nf3 {[%clk 00:50:43]} {[%emt 00:00:04]}
Nd7 {[%clk 00:50:52]} {[%emt 00:00:08]} 8. Bf4 {[%clk 00:50:01]} {[%emt
00:00:53]} e6 {[%clk 00:50:34]} {[%emt 00:00:28]} 9. c3 {[%clk 00:48:08]}
{[%emt 00:02:02]} Ngf6 {[%clk 00:50:00]} {[%emt 00:00:45]} 10. Qb3 {[%clk
00:46:15]} {[%emt 00:02:02]} Qb6 {[%clk 00:43:49]} {[%emt 00:06:21]} 11. Bc4
{[%clk 00:45:10]} {[%emt 00:01:15]} Qxb3 {[%clk 00:40:56]} {[%emt 00:03:04]} 12.
Bxb3 {[%clk 00:44:47]} {[%emt 00:00:34]} Nd5 {[%clk 00:38:49]} {[%emt
00:02:16]} 13. Bxd5 {[%clk 00:40:07]} {[%emt 00:04:49]} cxd5 {[%clk 00:38:52]}
{[%emt 00:00:08]} 14. Ne5 {[%clk 00:37:41]} {[%emt 00:02:36]} Nxe5 {[%clk
00:31:11]} {[%emt 00:07:52]} 15. Bxe5 {[%clk 00:37:07]} {[%emt 00:00:44]} f6
{[%clk 00:31:11]} {[%emt 00:00:09]} 16. Bf4 {[%clk 00:37:02]} {[%emt 00:00:15]}
Kd7 {[%clk 00:30:32]} {[%emt 00:00:49]} 17. Kd2 {[%clk 00:32:10]} {[%emt
00:05:02]} Bd6 {[%clk 00:27:52]} {[%emt 00:02:51]} 18. Bxd6 {[%clk 00:29:49]}
{[%emt 00:02:31]} Kxd6 {[%clk 00:28:00]} {[%emt 00:00:01]} 19. f4 {[%clk
00:29:40]} {[%emt 00:00:19]} Rhe8 {[%clk 00:22:28]} {[%emt 00:05:42]} 20. Rhe1
{[%clk 00:26:52]} {[%emt 00:02:58]} Bh7 {[%clk 00:18:25]} {[%emt 00:04:13]} 21.
Re3 {[%clk 00:20:47]} {[%emt 00:06:15]} Re7 {[%clk 00:15:13]} {[%emt 00:03:22]}
22. Rae1 {[%clk 00:19:36]} {[%emt 00:01:21]} Rae8 {[%clk 00:14:34]} {[%emt
00:00:50]} 23. a3 {[%clk 00:18:27]} {[%emt 00:01:19]} a6 {[%clk 00:13:53]}
{[%emt 00:00:51]} 24. R1e2 {[%clk 00:15:32]} {[%emt 00:03:05]} b5 {[%clk
00:13:10]} {[%emt 00:00:53]} 25. b4 {[%clk 00:13:35]} {[%emt 00:02:07]} Ra8
{[%clk 00:06:49]} {[%emt 00:06:30]} 26. Kc1 {[%clk 00:09:11]} {[%emt 00:04:34]}
a5 {[%clk 00:05:32]} {[%emt 00:01:28]} 27. bxa5 {[%clk 00:08:38]} {[%emt
00:00:43]} Rxa5 {[%clk 00:05:41]} {[%emt 00:00:01]} 28. Kb2 {[%clk 00:08:40]}
{[%emt 00:00:08]} Ra4 {[%clk 00:04:03]} {[%emt 00:01:48]} 29. Re1 {[%clk
00:07:28]} {[%emt 00:01:22]} Bg8 {[%clk 00:02:51]} {[%emt 00:01:22]} 30. Nf5+
{[%clk 00:07:07]} {[%emt 00:00:31]} Kd7 {[%clk 00:02:05]} {[%emt 00:00:56]} 31.
Nxe7 {[%clk 00:07:01]} {[%emt 00:00:16]} Kxe7 {[%clk 00:02:14]} {[%emt
00:00:01]} 32. f5 {[%clk 00:05:39]} {[%emt 00:01:32]} Ra6 {[%clk 00:02:02]}
{[%emt 00:00:23]} 33. fxe6 {[%clk 00:05:03]} {[%emt 00:00:45]} Rxe6 {[%clk
00:01:55]} {[%emt 00:00:18]} 34. Rxe6+ {[%clk 00:05:04]} {[%emt 00:00:09]} Bxe6
{[%clk 00:02:04]} 35. Kb3 {[%clk 00:04:54]} {[%emt 00:00:20]} Kd6 {[%clk
00:02:07]} {[%emt 00:00:07]} 36. Rxe6+ {[%clk 00:04:32]} {[%emt 00:00:32]} Kxe6
{[%clk 00:02:15]} {[%emt 00:00:02]} 37. Kb4 {[%clk 00:04:34]} {[%emt 00:00:08]}
g5 {[%clk 00:01:55]} {[%emt 00:00:30]} 38. Kxb5 {[%clk 00:03:56]} {[%emt
00:00:49]} f5 {[%clk 00:00:56]} {[%emt 00:01:09]} 39. hxg5 {[%clk 00:03:35]}
{[%emt 00:00:30]} hxg5 {[%clk 00:01:05]} {[%emt 00:00:01]} 40. a4 {[%clk
00:03:36]} {[%emt 00:00:10]} f4 {[%clk 00:01:10]} {[%emt 00:00:05]} 41. Kb6
{[%clk 00:01:16]} {[%emt 00:02:29]} g4 {[%clk 00:01:09]} {[%emt 00:00:11]} 42.
a5 {[%clk 00:01:12]} {[%emt 00:00:15]} f3 {[%clk 00:01:18]} 43. gxf3 {[%clk
00:01:04]} {[%emt 00:00:17]} gxf3 {[%clk 00:01:28]} {[%emt 00:00:02]} 44. a6
{[%clk 00:01:12]} {[%emt 00:00:02]} f2 {[%clk 00:01:37]} 45. a7 {[%clk
00:01:17]} {[%emt 00:00:05]} f1=Q {[%emt 00:00:03]} 46. a8=Q {[%clk 00:01:21]}
{[%emt 00:00:05]} Qc4 {[%clk 00:01:26]} {[%emt 00:00:28]} 47. Qc6 {[%clk
00:01:21]} {[%emt 00:00:10]} Kf5 {[%clk 00:01:27]} {[%emt 00:00:10]} 48. Qxc4
{[%clk 00:01:27]} {[%emt 00:00:03]} dxc4 {[%clk 00:01:36]} 1-0

[Event "English Schools Championship Final 2024"]
[Site "Nottingham University Kings Meadow Campus, United Kingdom"]
[Date "2024.06.27"]
[Round "1.40"]
[White "Brown, Stuart"]
[Black "Korchagina, Polina"]
[Result "1-0"]
[TimeControl "G50' + 10\" per move."]
[BlackFideId "14174537"]
[WhiteElo "1733"]
[BlackElo "1732"]

1. d4 {[%clk 00:50:18]} {[%emt 00:00:02]} Nf6 {[%clk 00:50:15]} {[%emt
00:00:06]} 2. Bf4 {[%clk 00:50:19]} {[%emt 00:00:08]} d6 {[%clk 00:49:26]}
{[%emt 00:00:59]} 3. e3 {[%clk 00:50:08]} {[%emt 00:00:22]} Bd7 {[%clk
00:48:57]} {[%emt 00:00:39]} 4. c4 {[%clk 00:49:40]} {[%emt 00:00:38]} g6
{[%clk 00:43:45]} {[%emt 00:05:22]} 5. Nf3 {[%clk 00:49:08]} {[%emt 00:00:42]}
Bg7 {[%clk 00:43:22]} {[%emt 00:00:33]} 6. h3 {[%clk 00:48:58]} {[%emt
00:00:21]} a6 {[%clk 00:35:56]} {[%emt 00:07:36]} 7. Qb3 {[%clk 00:46:42]}
{[%emt 00:02:25]} b6 {[%clk 00:33:54]} {[%emt 00:02:12]} 8. Nc3 {[%clk
00:45:25]} {[%emt 00:01:27]} Nc6 {[%clk 00:31:49]} {[%emt 00:02:15]} 9. Be2
{[%clk 00:44:30]} {[%emt 00:01:05]} a5 {[%clk 00:28:10]} {[%emt 00:03:50]} 10.
a3 {[%clk 00:42:59]} {[%emt 00:01:41]} O-O {[%clk 00:27:06]} {[%emt 00:01:14]}
11. O-O {[%emt 00:03:12]} e5 {[%clk 00:26:07]} 12. dxe5 {[%clk 00:38:53]}
{[%emt 00:02:22]} dxe5 {[%clk 00:25:51]} {[%emt 00:00:27]} 13. Nxe5 {[%clk
00:38:03]} {[%emt 00:01:00]} Nxe5 {[%clk 00:25:38]} {[%emt 00:00:24]} 14. Bxe5
{[%clk 00:37:36]} {[%emt 00:00:37]} Bc6 {[%clk 00:23:55]} {[%emt 00:01:52]} 15.
Rfd1 {[%clk 00:35:50]} {[%emt 00:01:57]} Qe7 {[%clk 00:22:56]} {[%emt
00:01:10]} 16. Bg3 {[%clk 00:33:10]} {[%emt 00:02:49]} Rfd8 {[%clk 00:20:35]}
{[%emt 00:02:31]} 17. Rac1 {[%clk 00:30:19]} {[%emt 00:02:59]} Rxd1+ {[%clk
00:19:46]} {[%emt 00:01:01]} 18. Rxd1 {[%clk 00:30:07]} {[%emt 00:00:22]} Rd8
{[%clk 00:19:50]} {[%emt 00:00:06]} 19. Bh4 {[%clk 00:27:43]} {[%emt 00:02:34]}
Rxd1+ {[%clk 00:18:56]} {[%emt 00:01:05]} 20. Qxd1 {[%clk 00:27:36]} {[%emt
00:00:16]} Qd7 {[%clk 00:18:53]} {[%emt 00:00:12]} 21. Bg3 {[%clk 00:23:19]}
{[%emt 00:04:27]} Qxd1+ {[%clk 00:16:44]} {[%emt 00:02:20]} 22. Nxd1 {[%clk
00:21:55]} {[%emt 00:01:34]} Ne8 {[%clk 00:16:43]} {[%emt 00:00:11]} 23. b3
{[%clk 00:21:26]} {[%emt 00:00:39]} Be4 {[%clk 00:16:09]} {[%emt 00:00:44]} 24.
b4 {[%clk 00:19:25]} {[%emt 00:02:11]} a4 {[%clk 00:13:44]} {[%emt 00:02:35]}
25. b5 {[%clk 00:18:46]} {[%emt 00:00:49]} Bc2 {[%clk 00:11:19]} {[%emt
00:02:35]} 26. Kf1 {[%clk 00:14:20]} {[%emt 00:04:37]} Nd6 {[%clk 00:09:56]}
{[%emt 00:01:32]} 27. Bxd6 {[%clk 00:13:58]} {[%emt 00:00:32]} cxd6 {[%clk
00:10:00]} {[%emt 00:00:06]} 28. Ke1 {[%clk 00:13:49]} {[%emt 00:00:19]} Bxd1
{[%clk 00:07:27]} {[%emt 00:02:43]} 29. Bxd1 {[%clk 00:13:37]} {[%emt
00:00:22]} Bb2 {[%clk 00:07:32]} {[%emt 00:00:05]} 30. Bxa4 {[%clk 00:13:24]}
{[%emt 00:00:22]} Bxa3 {[%clk 00:07:37]} {[%emt 00:00:05]} 31. Kd2 {[%clk
00:12:52]} {[%emt 00:00:43]} Kg7 {[%clk 00:07:20]} {[%emt 00:00:28]} 32. Kd3
{[%clk 00:11:48]} {[%emt 00:01:14]} Bc5 {[%clk 00:06:59]} {[%emt 00:00:30]} 33.
Ke2 {[%clk 00:11:07]} {[%emt 00:00:50]} Kf6 {[%clk 00:06:56]} {[%emt 00:00:13]}
34. f4 {[%clk 00:10:56]} {[%emt 00:00:21]} h6 {[%clk 00:06:46]} {[%emt
00:00:20]} 35. Kf3 {[%clk 00:10:25]} {[%emt 00:00:40]} Ke6 {[%clk 00:05:50]}
{[%emt 00:01:05]} 36. h4 {[%clk 00:09:50]} {[%emt 00:00:46]} Kf6 {[%clk
00:05:15]} {[%emt 00:00:45]} 37. Bc2 {[%clk 00:08:41]} {[%emt 00:01:19]} g5
{[%clk 00:05:07]} {[%emt 00:00:19]} 38. fxg5+ {[%clk 00:07:34]} {[%emt
00:01:16]} hxg5 {[%clk 00:05:12]} {[%emt 00:00:05]} 39. h5 {[%clk 00:07:02]}
{[%emt 00:00:42]} Kg7 {[%clk 00:04:24]} {[%emt 00:00:58]} 40. g4 {[%clk
00:05:31]} {[%emt 00:01:41]} Bb4 {[%clk 00:03:57]} {[%emt 00:00:38]} 41. Ke4
{[%clk 00:04:43]} {[%emt 00:00:57]} Bc3 {[%clk 00:03:38]} {[%emt 00:00:26]} 42.
Kf5 {[%clk 00:04:00]} {[%emt 00:00:55]} f6 {[%clk 00:03:21]} {[%emt 00:00:28]}
43. Ke6 {[%clk 00:03:52]} {[%emt 00:00:18]} Bb4 {[%clk 00:03:22]} {[%emt
00:00:09]} 44. Bg6 {[%clk 00:03:41]} {[%emt 00:00:21]} Bc5 {[%clk 00:03:14]}
{[%emt 00:00:18]} 45. e4 {[%clk 00:03:50]} Bb4 {[%clk 00:03:15]} {[%emt
00:00:10]} 46. Kd7 {[%clk 00:03:47]} {[%emt 00:00:12]} Ba3 {[%clk 00:03:15]}
{[%emt 00:00:10]} 47. Kc6 {[%clk 00:03:21]} {[%emt 00:00:36]} Bc5 {[%clk
00:03:16]} {[%emt 00:00:09]} 48. Kc7 {[%clk 00:03:15]} {[%emt 00:00:16]} Kf8
{[%clk 00:02:50]} {[%emt 00:00:36]} 49. h6 {[%clk 00:03:16]} {[%emt 00:00:09]}
Kg8 {[%clk 00:02:58]} {[%emt 00:00:02]} 50. Kd7 {[%clk 00:03:20]} {[%emt
00:00:05]} Bb4 {[%clk 00:03:05]} {[%emt 00:00:04]} 51. Ke6 {[%clk 00:03:25]}
{[%emt 00:00:06]} Bc3 {[%clk 00:02:42]} {[%emt 00:00:33]} 1-0

[Event "English Schools Championship Final 2024"]
[Site "Nottingham University Kings Meadow Campus, United Kingdom"]
[Date "2024.06.27"]
[Round "1.41"]
[White "Hartshorn, Harry"]
[Black "McCauley, Rohan Gb"]
[Result "1-0"]
[TimeControl "G50' + 10\" per move."]
[WhiteFideId "343404219"]
[BlackFideId "457728"]
[WhiteElo "1442"]
[BlackElo "1614"]

1. d4 {[%clk 00:50:18]} {[%emt 00:00:01]} Nf6 {[%clk 00:50:13]} {[%emt
00:00:07]} 2. c4 {[%clk 00:50:22]} {[%emt 00:00:05]} Nc6 {[%clk 00:50:18]}
{[%emt 00:00:06]} 3. Nc3 {[%clk 00:48:52]} {[%emt 00:01:40]} e5 {[%clk
00:50:20]} {[%emt 00:00:08]} 4. d5 {[%clk 00:48:05]} {[%emt 00:00:56]} Ne7
{[%clk 00:50:22]} {[%emt 00:00:09]} 5. e4 {[%clk 00:47:31]} {[%emt 00:00:44]}
Ng6 {[%clk 00:49:49]} {[%emt 00:00:43]} 6. a3 {[%clk 00:46:00]} {[%emt
00:01:41]} a5 {[%clk 00:48:19]} {[%emt 00:01:40]} 7. Be3 {[%clk 00:44:50]}
{[%emt 00:01:19]} b6 {[%clk 00:46:02]} {[%emt 00:02:28]} 8. Nf3 {[%clk
00:43:59]} {[%emt 00:01:01]} Bc5 {[%clk 00:43:32]} {[%emt 00:02:41]} 9. Bxc5
{[%clk 00:40:05]} {[%emt 00:04:04]} bxc5 {[%clk 00:43:22]} {[%emt 00:00:20]} 10.
Qc2 {[%clk 00:39:07]} {[%emt 00:01:06]} O-O {[%clk 00:41:39]} {[%emt 00:01:54]}
11. Be2 {[%clk 00:35:02]} {[%emt 00:04:15]} d6 {[%clk 00:41:07]} {[%emt
00:00:43]} 12. O-O {[%clk 00:33:38]} {[%emt 00:01:33]} Ne8 {[%clk 00:36:34]}
{[%emt 00:04:43]} 13. Rab1 {[%clk 00:27:04]} {[%emt 00:06:44]} f5 {[%clk
00:35:21]} {[%emt 00:01:23]} 14. exf5 {[%clk 00:26:42]} {[%emt 00:00:32]} Nf4
{[%clk 00:30:24]} {[%emt 00:05:07]} 15. Bd3 {[%clk 00:20:53]} {[%emt 00:05:59]}
Nxd3 {[%clk 00:29:01]} {[%emt 00:01:34]} 16. Qxd3 {[%clk 00:20:57]} {[%emt
00:00:06]} Bxf5 {[%clk 00:28:51]} {[%emt 00:00:20]} 17. Ne4 {[%clk 00:20:46]}
{[%emt 00:00:20]} Nf6 {[%clk 00:24:45]} {[%emt 00:04:16]} 18. Nfd2 {[%clk
00:20:38]} {[%emt 00:00:19]} Nxe4 {[%clk 00:23:25]} {[%emt 00:01:30]} 19. Nxe4
{[%clk 00:20:40]} {[%emt 00:00:08]} Qh4 {[%clk 00:23:25]} {[%emt 00:00:10]} 20.
f3 {[%clk 00:18:32]} {[%emt 00:02:18]} Rf7 {[%clk 00:16:46]} {[%emt 00:06:48]}
21. Rfe1 {[%clk 00:13:25]} {[%emt 00:05:19]} Raf8 {[%clk 00:13:16]} {[%emt
00:03:39]} 22. Qd2 {[%clk 00:11:06]} {[%emt 00:02:30]} Bxe4 {[%clk 00:08:26]}
{[%emt 00:05:00]} 23. Rxe4 {[%clk 00:11:06]} {[%emt 00:00:09]} Rf4 {[%clk
00:04:09]} {[%emt 00:04:26]} 24. Rxf4 {[%clk 00:08:30]} {[%emt 00:02:47]} Qxf4
{[%clk 00:03:44]} {[%emt 00:00:35]} 25. Qxf4 {[%clk 00:06:43]} {[%emt
00:01:57]} Rxf4 {[%clk 00:03:52]} {[%emt 00:00:03]} 26. Rc1 {[%clk 00:05:35]}
{[%emt 00:01:18]} a4 {[%clk 00:03:53]} {[%emt 00:00:08]} 27. Kf2 {[%clk
00:05:22]} {[%emt 00:00:22]} Kf7 {[%clk 00:03:56]} {[%emt 00:00:09]} 28. g3
{[%clk 00:03:38]} {[%emt 00:01:54]} Rd4 {[%clk 00:03:59]} {[%emt 00:00:07]} 29.
Rc2 {[%clk 00:03:41]} {[%emt 00:00:06]} Kf6 {[%clk 00:02:21]} {[%emt 00:01:48]}
30. g4 {[%emt 00:00:51]} g5 {[%emt 00:00:23]} 31. Ke3 {[%clk 00:02:03]} {[%emt
00:00:33]} h6 {[%clk 00:02:24]} {[%emt 00:00:08]} 32. Kf2 {[%clk 00:01:24]}
{[%emt 00:00:33]} e4 {[%clk 00:02:06]} {[%emt 00:00:45]} 33. fxe4 {[%clk
00:00:45]} {[%emt 00:00:49]} Rxe4 {[%clk 00:01:53]} {[%emt 00:00:23]} 34. Kg3
{[%clk 00:00:54]} Ke5 {[%clk 00:02:00]} {[%emt 00:00:03]} 35. Rc3 {[%clk
00:00:55]} {[%emt 00:00:09]} Re2 {[%clk 00:00:28]} {[%emt 00:01:42]} 36. b3
{[%clk 00:01:01]} {[%emt 00:00:04]} Kd4 {[%clk 00:00:33]} {[%emt 00:00:05]} 37.
Rf3 {[%clk 00:01:00]} {[%emt 00:00:11]} axb3 {[%clk 00:00:38]} {[%emt
00:00:05]} 38. Rxb3 {[%clk 00:01:09]} {[%emt 00:00:02]} Re3+ {[%clk 00:00:47]}
{[%emt 00:00:02]} 39. Rxe3 {[%clk 00:01:17]} {[%emt 00:00:01]} Kxe3 {[%clk
00:00:51]} {[%emt 00:00:05]} 40. a4 {[%clk 00:01:23]} {[%emt 00:00:04]} Kd4
{[%clk 00:00:52]} {[%emt 00:00:09]} 41. a5 {[%clk 00:01:29]} {[%emt 00:00:04]}
Kxc4 {[%clk 00:01:00]} {[%emt 00:00:02]} 42. a6 {[%clk 00:01:38]} Kd3 {[%clk
00:00:29]} {[%emt 00:00:41]} 43. a7 {[%clk 00:01:47]} {[%emt 00:00:02]} c4
{[%clk 00:00:38]} 44. a8=Q {[%emt 00:00:04]} c3 {[%clk 00:00:47]} 45. Qa6+
{[%clk 00:01:59]} {[%emt 00:00:05]} Kd2 {[%clk 00:00:55]} {[%emt 00:00:02]} 46.
Qa5 {[%clk 00:02:04]} {[%emt 00:00:05]} Kd3 {[%clk 00:00:48]} {[%emt 00:00:19]}
47. Qa3 {[%clk 00:02:11]} {[%emt 00:00:02]} Kd2 {[%clk 00:00:50]} {[%emt
00:00:08]} 48. Qb4 {[%clk 00:02:18]} {[%emt 00:00:03]} Kd3 {[%clk 00:00:56]}
{[%emt 00:00:04]} 49. Qb3 {[%clk 00:02:22]} {[%emt 00:00:07]} Kd2 {[%clk
00:01:00]} {[%emt 00:00:05]} 50. Qb4 {[%clk 00:02:22]} {[%emt 00:00:09]} Kd3
{[%clk 00:01:08]} {[%emt 00:00:04]} 51. Qb5+ {[%clk 00:02:30]} {[%emt
00:00:02]} Kd2 {[%clk 00:01:16]} {[%emt 00:00:02]} 52. Qa5 {[%clk 00:01:53]}
{[%emt 00:00:47]} Kd3 {[%clk 00:01:20]} {[%emt 00:00:06]} 53. Qa3 {[%clk
00:02:00]} {[%emt 00:00:02]} Kd2 {[%clk 00:01:27]} {[%emt 00:00:04]} 54. Kf2
{[%clk 00:02:01]} {[%emt 00:00:09]} c2 {[%clk 00:00:56]} {[%emt 00:00:42]} 55.
Qe3+ {[%clk 00:02:01]} {[%emt 00:00:10]} Kd1 {[%clk 00:00:00]} {[%emt
00:00:13]} 1-0